نماذج التأمين الإجباري من المسئولية المدنية عن حوادث النقل السريع وحوادث المباني / (Record no. 24291)
[ view plain ]
| 000 -الفاتح | |
|---|---|
| حقل البيانات ثابتة الطول | 01809nam a22003015a 4500 |
| 003 - محدد رقم الضبط | |
| رقم الضبط | OSt |
| 005 - وقت وتاريخ اخر تعامل مع التسجيلة | |
| رقم الضبط | 20180124143315.0 |
| 008 - عناصر البيانات ثابتة الطول - معلومات عامة | |
| حقل البيانات ثابتة الطول | 170301s2014 ua frb 000 0 ara d |
| 020 ## - الرقم الدولى المعيارى للكتب | |
| الرقم الدولى المعيارى للكتاب | 9789779018935 |
| 020 ## - الرقم الدولى المعيارى للكتب | |
| الرقم الدولى المعيارى للكتاب الملغى /الخاطئ | 978978525 |
| 040 ## - مصدر الفهرسة | |
| وكالة الفهرسة الأصلية | EG-ScBUE |
| لغة الفهرسة | ara |
| وكالة النسخ | EG-ScBUE |
| وكالة التعديل | EG-ScBUE |
| 043 ## - رمز المنطقة الجغرافية | |
| رمز المنطقة الجغرافية | f-ua--- |
| 082 04 - رقم تصنيف ديوى العشرى | |
| رقم التصنيف | 346.62086384 |
| رقم المادة | ش ر ف |
| رقم الطبعة | 22 |
| 100 1# - المدخل الرئيسى - إسم شخصى | |
| الإسم الشخصى | شرف الدين، أحمد. |
| 245 10 - بيان العنوان | |
| العنوان | نماذج التأمين الإجباري من المسئولية المدنية عن حوادث النقل السريع وحوادث المباني / |
| بيان المسئوليه,etc | أحمد شرف الدين. |
| 250 ## - بيان الطبعة | |
| بيان الطبعة | ط. نادي القضاة. |
| 260 ## - PUBLICATION, DISTRIBUTION, ETC. (IMPRINT) | |
| مكان الناشر او الموزع | القاهرة : |
| اسم الناشر او الموزع | نادي القضاة، |
| تاريخ النشر أو التوزيع | 2014. |
| 300 ## - الوصف المادى | |
| التعداد | 457 ص. ؛ |
| أبعاد الوعاء | 24 سم. |
| 504 ## - تبصرة ببليوجرافية | |
| تبصرة ببليوجرافية,الخ | يشتمل على إرجاعات ببليوجرافية. |
| 505 0# - تبصرة محتويات-الفهرس | |
| تبصرة المحتويات المصاغة | الأشخاص المستفيدون والمستبعدون من التأمين - الأضرار المشمولة والمسئولية المغطاة للتأمين - الحدود القصوى لقيمة التأمين - رجوع المؤمن على المؤمن له على الغير مسئول - الدعوى المباشرة : أطرافها وشروطها - تقادم الدعوى - حكم تعديل وجه استعمال السيارة - نطاق تأمين حوادث المباني مقارنا بنطاق الضمان العشري - فهرس تفصيلي بأحكام النقض. |
| 541 ## - تبصرة المصدر المباشر للتزويد | |
| مصدر التزويد | دكتور أحمد حمد ؛ |
| طريقة التزويد | إهداء ؛ |
| 650 #7 - المدخل الاضافى بالموضوع-مصطلح موضوعى | |
| مصطلح موضوعي أو اسم جغرافي كعنصر مدخل | التأمين ضد الحوادث |
| التقسيم الفرعي العام | قوانين وتشريعات |
| التقسيم الفرعي الجغرافي | مصر. |
| مصدر الرأس أو المصطلح | BUEsh |
| 650 #7 - المدخل الاضافى بالموضوع-مصطلح موضوعى | |
| مصطلح موضوعي أو اسم جغرافي كعنصر مدخل | المسئولية المدنية |
| التقسيم الفرعي الجغرافي | مصر. |
| مصدر الرأس أو المصطلح | BUEsh |
| 9 (RLIN) | 41063 |
| 650 #7 - المدخل الاضافى بالموضوع-مصطلح موضوعى | |
| مصطلح موضوعي أو اسم جغرافي كعنصر مدخل | حوادث المرور |
| التقسيم الفرعي العام | قوانين وتشريعات |
| التقسيم الفرعي الجغرافي | مصر. |
| مصدر الرأس أو المصطلح | BUEsh |
| 651 ## - المدخل الاضافى بالموضوع - اسم جغرافى | |
| مصدر الرأس أو المصطلح | BUEsh |
| 653 ## - مصطلح تكشيفى غير مقيد | |
| Resource For college | Law |
| Arrived date list | March2017 |
| -- | January2018 |
| 942 ## - عناصر المدخل الإضافي( كوها) | |
| مصدر التصنيف او مخطط الترفيف | Dewey Decimal Classification |
| حالة التراجع | حالة الفقد | مصدر التصنيف او خطة الترفيف | حالة تلف | ليس للاعارة | مجموعات كوها | المكان الدائم | المكان الحالي | موقع الترفيف | تاريخ الاكتساب | Source of acquisition | سعر الشراء الطبيعي | تعداد مسلسل / التسلسل الزمني | رقم الاستدعاء | الباركود | Date last seen | التكلفة | نوع الوعاء | مُعار | تبصرة غير عامة( المفوع للعناصر المفقوده) |
|---|---|---|---|---|---|---|---|---|---|---|---|---|---|---|---|---|---|---|---|
| Dewey Decimal Classification | دار النهضة العربية | Central Library | Central Library | First floor | 01/03/2017 | Purchase | 75.00 | 2815 | 346.62086384 ش ر ف | 000041237 | 15/07/2025 | 93.75 | Book - Borrowing | ||||||
| Dewey Decimal Classification | دار النهضة العربية | Central Library | Central Library | First floor | 01/03/2017 | Purchase | 75.00 | 2815 | 346.62086384 ش ر ف | 000041238 | 15/07/2025 | 93.75 | Book - Borrowing | ||||||
| Dewey Decimal Classification | دار النهضة العربية | Central Library | Central Library | First floor | 01/03/2017 | Purchase | 90.00 | 2815 | 346.62086384 ش ر ف | 000041239 | 15/07/2025 | 112.50 | Book - Borrowing | 28/04/2024 | |||||
| Dewey Decimal Classification | دار النهضة العربية | Central Library | Central Library | First floor | 01/03/2017 | Purchase | 90.00 | 2815 | 346.62086384 ش ر ف | 000041240 | 15/07/2025 | 112.50 | Book - Borrowing | ||||||
| Dewey Decimal Classification | Donation-Gift | Central Library | Central Library | First floor | 24/01/2018 | Donation | 346.62086384 ش ر ف | 000042879 | 15/07/2025 | Book - Borrowing | إهداء من دكتور أحمد حمد |